1684 1927 1771 1224 1792 1410 1004 1098 1597 1853 1349 1571 1158 1083 1597 1590 1878 1333 1916 1552 1327 1622 1266 1433 1678 1266 1641 1580 1572 1121 1951 1450 1228 1476 1340 1851 1992 1999 1193 1119 1718 1898 1223 1158 1139 1965 1992 1919 1198 1363 1423 1205 1687 1673 1636 1750 1178 1712 1123 1197 1150 1353 1578 1362 1666 1314 1940 1505 1725 1506 1971 1713 1903 1551 1295 1289 1911 1588 1915 1264 1676 1670 1099 1241 1353 1184 1002 1472 1322 1932 1772 1063 1864 1170 1602 1358 1014 1893 1203 BCNSPRNW ULIB Ver.6.0+V

เปลี่ยนเป็นภาษาไทย

Change to English
 แสดงรายละเอียดบรรณานุกรม
  กลับหน้าหลัก

Brief Record : Get Marc (ISO 2709) : E-mail record : QR code < ปิดหน้าต่าง
LEADER : 00000nam 2200000uu 4500
001    13399121859
003     ULIB
008    121212s2551||||th 000 0 tha d
020    ^a9789749773253(ล.36)
060 04 ^aWO5^bจ225ศ ล.36
245 00 ^aศัลยศาสตร์วิวัฒน์ 36 :^bUpdate in colon and rectal surgery2008 /^cคณะบรรณาธิการ, จักรพันธ์ เอื้อนรเศรษฐ์ ... [และคนอื่นๆ]
246 30 ^aUpdate in colon and rectal surgery 2008
250    ^aพิมพ์ครั้งที่ 1
260    ^aกรุงเทพฯ :^bกรุงเทพเวชสาร,^c2551
300    ^a564 หน้า :^bภาพประกอบ ;^c22 ซม.
650  7 ^aศัลยศาสตร์
653    ^aผลงานอาจารย์คณะแพทยศาสตร์ศิริราชพยาบาล
700 0  ^aจักรพันธ์ เอื้อนรเศรษฐ์,^eบรรณาธิการ
945    ^p580^l0^i16134
995    ^aทศพร
999    ^aทศพร เกษรทอง
รายการนี้ยังไม่มีแท็ก
คุณยังไม่ได้ล็อกอิน คุณสามารถมีกิจกรรมร่วมกับเว็บไซต์ได้ แต่ต้องล็อกอินก่อน ::
  ล็อกอิน

รายการสื่อสารสนเทศ

ลำดับที่ ประเภท เลขเรียก/บาร์โค้ด สถานที่ สถานะ
1. วิทยาศาสตร์การแพทย์ และสุขภาพ
วิทยาศาสตร์การแพทย์ และสุขภาพ
WO5 จ225ศ ล.36 ฉ.1 
  Barcode: 16134
ห้องสมุดวิทยาเขตสวรรค์ประชารักษ์
►ส่วนจัดเก็บหนังสือเก่า สปร
บนชั้น
  ขอยืม

รายการใกล้เคียง
    หัวเรื่อง [ศัลยศาสตร์]

BibComment


ยังไม่เคยถูกคอมเมนท์

คอมเมนท์ทรัพยากรรายการนี้
  คอมเมนท์: ศัลยศาสตร์วิวัฒน..


 Copyright 2026. Bcnsprnw @Library